Statistics for Magic Eye Illusions

Click here to take the quiz!

General Stats

  • This quiz has been taken 18 times
    (17 since last reset)
  • The average score is 5 of 7

Answer Stats

Answer% Correct
Chair
94%
Question Mark
88%
Star
88%
Apple
82%
Spiral
71%
Plane
29%
Santa with christmas tree
18%

Score Distribution

Percentile by Number Answered

Percent of People with Each Score

Your Score History

You have not taken this quiz since the last reset